000
00354nam a2200157Ia 4500
005
20250603144634.0
008
250603s9999 xx 000 0 und d
020
_a
0030667429
050
_a
QD 31.2 .C44/
245
0
_a
Chemistry
260
_a
New York
260
_b
Holt, Rinehart and Winston
300
_a
179 p
650
_a
New York
942
_c
BK
999
_c
39512
_d
39512